Conférences du laboratoire d'hygiène scolaire 1909 / (Record no. 187525)

MARC details
000 -LEADER
campo de control de longitud fija 00707nam a2200193 i 4500
001 - NÚMERO DE CONTROL
campo de control 187525
003 - IDENTIFICADOR DE NÚMERO DE CONTROL
campo de control ES-MaACL
005 - FECHA Y HORA DE LA ÚLTIMA TRANSACCIÓN
campo de control 20251109105437.0
008 - DATOS DE LONGITUD FIJA--INFORMACIÓN GENERAL
campo de control de longitud fija 171025s1909 fr |||| | fre d
245 00 - MENCIÓN DEL TÍTULO
Título Conférences du laboratoire d'hygiène scolaire 1909 /
Mención de responsabilidad, etc. par MM. les Drs H. Méry, E. de Pradel, L. Butte, L. Dufestel, A. Mathieu, J.-Ch. Roux.
260 ## - PUBLICACIÓN, DISTRIBUCIÓN, ETC.
Lugar de publicación, distribución, etc. Paris :
Nombre del editor, distribuidor, etc. [s.n.],
Fecha de publicación, distribución, etc. 1909 (
Fabricante Impr. Nationale)
300 ## - DESCRIPCIÓN FÍSICA
Extensión 147 p., 3 h. de lám. ;
Dimensiones 20 cm.
650 #4 - PUNTO DE ACCESO ADICIONAL DE MATERIA--TÉRMINO DE MATERIA
Término de materia o nombre geográfico como elemento de entrada Higiene escolar.
9 (RLIN) 147625
700 1# - ENTRADA AGREGADA--NOMBRE PERSONAL
Nombre de persona Méry, Henri,
Fechas asociadas al nombre 1862-1927
9 (RLIN) 163769
700 1# - ENTRADA AGREGADA--NOMBRE PERSONAL
Nombre de persona Pradel, E. de.
9 (RLIN) 163770
700 1# - ENTRADA AGREGADA--NOMBRE PERSONAL
Nombre de persona Butte, Lucien,
Fechas asociadas al nombre 1856-1918
9 (RLIN) 163771
852 ## - LOCALIZACIÓN
Ubicación ES-MaACL
Número de control de estantería F-5982(2)
Holdings
Estatus retirado Estado de pérdida Estado de daño No para préstamo Biblioteca de origen Biblioteca actual Ubicación en estantería Fecha de adquisición Fuente de adquisición Total de préstamos Signatura topográfica completa Código de barras Visto por última vez Precio de reemplazo Tipo de ítem Koha
        Biblioteca del Ateneo de Madrid Biblioteca del Ateneo de Madrid Depósito 2 25/10/2017     F-5982(2) 1198049 23/02/2023 23/02/2023 Libro impreso